000 01335nam a2200349Ia 4500
001 Para_5975
003 CHAP
008 220125s1989 xx 000 0 und d
010 _a204318
040 _cCHAP
090 _aPA TESIS 540
100 _aArenas Luna, Concepción
_96957
245 _aSusceptibilidad a insecticidas en poblaciones de sitophilus zeamais Mo y Postephanus truncatus (Horn), plagas del maíz y Acanthoscelides obtectus (Say y Zabrotes subfasciatus (Boheman), plagas del frijol en almacen /
_c por Concepción Arenas LUna
260 _aMéxico, D.F. :
_b el autor
300 _a58 h.
502 _aTesis (M.C. en Ciencias Biológicas). UNAM. Facultad de Ciencias
650 _aAcanthoscelides obtectus
_9402
650 _aFrijol
_x almacenamiento
_xplagas
_943323
650 _aInsectos
_x resistencia a insecticidas
_958941
650 _aMaíz
_x almacenamiento
_x plagas
_970854
650 _aPrastephanus truneatus
_9170248
650 _aSitophilus zeamais
_9106790
650 _aZabrotes subfasciatus
_9123383
710 _aUniversidad Nacional Autónoma de México. Facultad de Ciencias
_9116521
901 _aPA TESIS 540
902 _aA
905 _a0000001989 0000000000 00
910 _a1989
942 _cPARA
942 _cPARA
_d1
999 _c204318
_d204318